000 00583nam a2200193Ia 4500
003 BUBTL
008 151213s9999 xx 000 0 und d
082 _a657/WEA
100 _aKieso / Kimmel / Weygandt.
_93536
245 _aAccounting Principles Solution
_cKieso / Kimmel / Weygandt.
260 _aNilkhet , Dhaka.
_bStudents Publications
_c2006
300 _a624p . :
_bill . ; 21cm.
650 _aAccounting
_93537
650 _aAccounting
_93537
700 _aKieso / Kimmel / Weygandt.
_93536
856 _k0
_l0
_yDownload
942 _2ddc
_cBK
999 _c4731
_d4731